[Event "Muenster ELO"]
[Site "Muenster"]
[Date "1988.??.??"]
[Round "3"]
[White "Von Hartlieb, Justus"]
[Black "Thesing, Matthias"]
[Result "0-1"]
[WhiteElo "2290"]
[BlackElo "2345"]

1.e4 c5 2.Nf3 e6 3.d4 cxd4 4.Nxd4 a6 5.Bd3 Nf6 6.Nc3 d6 7.Be3 b5 8.Qd2 Bb7
9.f3 Nbd7 10.g4 b4 11.Nce2 d5 12.exd5 Nxd5 13.Nf4 Nxe3 14.Qxe3 Qh4+ 15.Ke2 Bc5
16.Be4 Bxe4 17.Qxe4 O-O 18.Ng2 Qd8 19.Nb3 Nf6 20.Qc6 Bb6 21.Rad1 Qb8 22.Qd6 Bc7
23.Qd3 Rd8 24.Qc4 Rc8 25.Qd3 Be5 26.Ne3 Bxb2 27.Nc4 Bc3 28.Kf2 Nxg4+  0-1

[Event "Naestved op"]
[Site "Naestved"]
[Date "1988.??.??"]
[Round "3"]
[White "Sziva, Erika"]
[Black "Jasnikowski, Zbigniew"]
[Result "0-1"]
[WhiteElo "2260"]
[BlackElo "2425"]

1.e4 c5 2.Nf3 e6 3.d4 cxd4 4.Nxd4 a6 5.Bd3 Nf6 6.O-O Qc7 7.Qe2 d6 8.c4 g6
9.Nc3 Bg7 10.Be3 O-O 11.Rac1 Nbd7 12.f4 b6 13.Kh1 Bb7 14.Bg1 Rfe8 15.b3 Rac8
16.Bb1 Nh5 17.Qg4 Qd8 18.Be3 Nc5 19.Rcd1 Qe7 20.Bc1 b5 21.cxb5 Nxb3 22.Nxb3 Rxc3
23.Ba3 f5 24.Qe2 Qh4 25.Qe1 Qxe1 26.Rdxe1 Bxe4 27.Bxe4 fxe4 28.Bxd6 axb5
29.Rxe4 Rc2 30.Rb4 Rd8 31.Be5 Bxe5 32.fxe5 Rxa2 33.g4 Ng7 34.Rxb5 h5 35.gxh5 Nxh5
36.Kg1 g5 37.Rb7 Nf4 38.Nc1 Rg2+ 39.Kh1 Rdd2 40.Rb8+ Kh7  0-1

[Event "New York op"]
[Site "New York"]
[Date "1988.??.??"]
[Round "?"]
[White "Gheorghiu, Florin"]
[Black "Frias, Victor J"]
[Result "1/2-1/2"]
[WhiteElo "2535"]
[BlackElo "2485"]

1.e4 c5 2.Nf3 e6 3.d4 cxd4 4.Nxd4 a6 5.Bd3 Nf6 6.O-O d6 7.f4 Be7 8.Nf3 Nc6
9.Qe1 e5 10.Nc3 O-O 11.Kh1 exf4 12.Bxf4 Be6 13.Rd1 Nb4 14.Nd4 Nxd3 15.cxd3 Rc8
16.Bg5 Rc5 17.Be3 Re5 18.Bf4 Rc5 19.Be3 Re5 20.Bf4 Rc5  1/2-1/2

[Event "New York op"]
[Site "New York"]
[Date "1988.??.??"]
[Round "?"]
[White "Cabrilo, Goran"]
[Black "Gheorghiu, Florin"]
[Result "1/2-1/2"]
[WhiteElo "2505"]
[BlackElo "2535"]

1.e4 c5 2.Nf3 e6 3.d4 cxd4 4.Nxd4 a6 5.Bd3 Nf6 6.O-O Qc7 7.Qe2 d6 8.c4 g6
9.Nc3 Bg7 10.Rd1 O-O 11.Bc2 Nc6 12.Nxc6 bxc6 13.Bf4 e5 14.Be3 Be6 15.Bb3 Rfd8
16.Rac1 Qb7 17.Rd2 Ng4 18.Rcd1 Nxe3 19.Qxe3 Bf8 20.h3 Be7 21.c5 Bxb3 22.axb3 Qc7
23.cxd6 Rxd6 24.Qe2 Rxd2 25.Rxd2 Rb8 26.Qxa6 Rxb3 27.Rc2 Qd7 28.Kh2 Rb4 29.Qe2 Bg5
30.g3 h5 31.h4 Bh6 32.Kg2 Rd4 33.Nb1 Qg4 34.Nc3 Qxe2 35.Rxe2 Bd2 36.f3 Bxc3
37.bxc3 Rd3 38.Rc2 c5 39.c4 Kg7 40.Kf2 f5 41.exf5 gxf5 42.Ra2 Rd4  1/2-1/2

[Event "New York op"]
[Site "New York"]
[Date "1988.??.??"]
[Round "?"]
[White "Byrne, Robert E"]
[Black "Larsen, Bent"]
[Result "1/2-1/2"]
[WhiteElo "2490"]
[BlackElo "2570"]

1.e4 c5 2.Nf3 e6 3.d4 cxd4 4.Nxd4 a6 5.Bd3 b5 6.O-O Bb7 7.Qe2 Nf6 8.Nd2 Qc7
9.c4 Bc5 10.N4f3 bxc4 11.Bxc4 d6 12.Bd3 Nbd7 13.Nb3 O-O 14.Bd2 a5 15.Rac1 Qb6
16.Bc3 e5 17.Nfd2 a4 18.Nc4 Qa7 19.Nxc5 Nxc5 20.Nxd6 Nxd3 21.Qxd3 Rad8 22.Bxe5 Ba6
23.Qc3 Bxf1 24.Rxf1 Qe7 25.Nf5 Qe6 26.f3 Rfe8 27.Bd4 Qa6 28.Qc7 Nh5 29.g4 Nf6
30.a3 Rd7 31.Qf4 Rxd4 32.Nxd4 Qb6 33.Qd2 Rd8 34.Rd1 h5 35.h3 Nd7 36.Kg2 Ne5
37.Qc3 Ng6 38.Rd2 Nf4+ 39.Kg3 Qd6 40.Nf5 h4+ 41.Kxh4 g5+ 42.Kxg5 Ne6+ 43.Kh4 Qxd2
44.Qf6 Rd7 45.e5 Kh7 46.Ng3 Rb7 47.Nf5 Qd8  1/2-1/2

[Event "New York op"]
[Site "New York"]
[Date "1988.??.??"]
[Round "?"]
[White "Torre, Eugenio"]
[Black "Abramovic, Bosko"]
[Result "0-1"]
[WhiteElo "2545"]
[BlackElo "2460"]

1.e4 c5 2.Nf3 e6 3.d4 cxd4 4.Nxd4 a6 5.Bd3 g6 6.c3 Bg7 7.Nf3 Qc7 8.O-O Nf6
9.Re1 Nc6 10.h3 d6 11.Bf4 O-O 12.Nbd2 Nd7 13.Nc4 Nce5 14.Ncxe5 dxe5 15.Be3 b6
16.Rc1 Bb7 17.b4 Rfd8 18.Qe2 Nf6 19.Bg5 h6 20.Bxf6 Bxf6 21.Red1 Be7 22.a3 Kg7
23.Qe3 Rac8 24.Be2 Rxd1+ 25.Rxd1 Bf6 26.Rc1 Qc6 27.Bd3 Qa4 28.Qxb6 Qxa3 29.Rc2 Rxc3
30.Qxb7 Rxc2 31.Bxc2 Qc1+ 32.Kh2 Qxc2 33.Kg1 h5 34.Qxa6 Qxe4 35.Qb5 Qb1+
36.Kh2 e4 37.Ne5 Qc1 38.Nc4 Qf4+ 39.Kg1 Bd4 40.Ne3 Bxe3 41.fxe3 Qxe3+ 42.Kh1 Qd4
43.g4 hxg4 44.hxg4 e3 45.Kh2 Qe4 46.Qc5 e2 47.Qc3+ e5 48.Qe1 Qxg4 49.b5 g5
50.b6 Qh4+ 51.Qxh4 gxh4 52.b7 e1=Q 53.b8=Q Qg3+ 54.Kh1 Qf3+ 55.Kh2 Qf4+ 56.Kg2 Qg5+
57.Kh2 e4 58.Qb2+ Kh7  0-1

[Event "New York op"]
[Site "New York"]
[Date "1988.??.??"]
[Round "?"]
[White "Rodriguez, Amador"]
[Black "Strikovic, Aleksa"]
[Result "1/2-1/2"]
[WhiteElo "2540"]
[BlackElo "2450"]

1.e4 c5 2.Nf3 e6 3.d4 cxd4 4.Nxd4 a6 5.Bd3 Nf6 6.O-O Qc7 7.Qe2 d6 8.c4 g6
9.Nc3 Bg7 10.Be3 O-O 11.Rac1 Nbd7 12.f3 b6 13.Rfd1 Bb7 14.Qd2 Rac8 15.Bf1 Rfd8
16.Kh1 Qb8 17.Bg5 Re8 18.Nc2 Bf8 19.Qd4 Nh5 20.Qd2 Nhf6 21.Ne3 h6 22.Bh4 Bc6
23.a3 g5 24.Bg3 Ne5 25.b4 Bb7 26.Rc2 Nh5 27.Bf2 Nf6 28.Rb1 Be7 29.Rcc1 g4
30.Be2 gxf3 31.gxf3 Ng6 32.Ng2 Kh7 33.Na4 b5 34.cxb5  1/2-1/2

[Event "New York op"]
[Site "New York"]
[Date "1988.??.??"]
[Round "?"]
[White "Sherzer, Alex"]
[Black "Gheorghiu, Florin"]
[Result "1/2-1/2"]
[WhiteElo "2330"]
[BlackElo "2535"]

1.e4 c5 2.Nf3 e6 3.d4 cxd4 4.Nxd4 a6 5.Bd3 Nf6 6.O-O Qc7 7.Qe2 d6 8.c4 g6
9.Bf4 Nbd7 10.Nf3 Ng4 11.Nc3 Bg7 12.Rad1 Nge5 13.Nxe5 Nxe5 14.Bg3 O-O 15.Kh1 Bd7
16.f4 Nxd3 17.Qxd3 Rfc8 18.f5 Qxc4 19.Qxc4 Rxc4 20.Rxd6 Bc6 21.fxe6 fxe6
22.Rxe6 Bxc3 23.bxc3 Rxc3 24.Be5 Bb5 25.Re1 Rc2 26.Re7 Re8 27.Rg7+ Kf8 28.Rc7 Rxc7
29.Bxc7 Rc8 30.Rc1 Kf7 31.Kg1 Bc6 32.Bd6 Ke6 33.e5 b5 34.Kf2 Bb7 35.Rxc8 Bxc8
36.Ke3 Kd5 37.Kf4 h6 38.Bf8 g5+ 39.Ke3 Kxe5 40.Bxh6 g4 41.a3 a5 42.Bg7+ Kd5
43.Bc3 b4 44.axb4 a4 45.Kf4 Kc4 46.Bg7 a3 47.Kg3 a2 48.h3  1/2-1/2

[Event "Novi Sad op"]
[Site "Novi Sad"]
[Date "1988.??.??"]
[Round "4"]
[White "Govedarica, Radovan"]
[Black "Eingorn, Vereslav S"]
[Result "1-0"]
[WhiteElo "2415"]
[BlackElo "2570"]

1.e4 c5 2.Nf3 e6 3.d4 cxd4 4.Nxd4 a6 5.Bd3 Nf6 6.O-O Qc7 7.Qe2 Bc5 8.Nb3 Be7
9.c4 d6 10.Nc3 O-O 11.Bd2 b6 12.Nd4 Bb7 13.Kh1 Nc6 14.Nxc6 Bxc6 15.Rae1 Qb7
16.a4 Nd7 17.b4 Qc8 18.f4 a5 19.bxa5 bxa5 20.Nb5 Nc5 21.Bc2 Re8 22.Bc3 Bf8
23.Qd2 Qb7 24.e5 dxe5 25.fxe5 Be4 26.Rxe4 Nxe4 27.Qd3 f5 28.exf6 Nxf6 29.Qg3 Kh8
30.Nc7 Be7 31.Nxe8 Rxe8 32.Qh4 Bd8 33.Be5 Kg8 34.c5 h6 35.Qc4 Qd5 36.Qc3 Be7
37.c6 Bb4 38.Qg3  1-0

[Event "World op"]
[Site "Philadelphia"]
[Date "1988.??.??"]
[Round "?"]
[White "Brooks, Michael A"]
[Black "Meyer, E."]
[Result "1-0"]
[WhiteElo "2345"]
[BlackElo "2470"]

1.e4 c5 2.Nf3 e6 3.d4 cxd4 4.Nxd4 a6 5.Bd3 Nf6 6.O-O d6 7.f4 Be7 8.Kh1 e5
9.Nf3 Nc6 10.Nc3 O-O 11.f5 b5 12.Bg5 Bb7 13.Bxf6 Bxf6 14.Nd5 Na5 15.c3 Re8
16.Nd2 Bg5 17.f6 Bxf6 18.Nxf6+ gxf6 19.Qh5 Re6 20.Nf3 Nc6 21.Ng5 Qd7 22.Nxh7 Ne7
23.Nxf6+ Rxf6 24.Rxf6 Ng6 25.Raf1 Nf4 26.Qg5+ Kf8 27.Rh6  1-0

[Event "ROM-ch"]
[Site "Predeal"]
[Date "1988.??.??"]
[Round "9"]
[White "Armas, Iulius"]
[Black "Ionescu, Constantin"]
[Result "1-0"]
[WhiteElo "2460"]
[BlackElo "2465"]

1.e4 c5 2.Nf3 e6 3.d4 cxd4 4.Nxd4 a6 5.Bd3 Nf6 6.O-O d6 7.c4 b6 8.Nc3 Bb7
9.Qe2 g6 10.Rd1 Nbd7 11.Nf3 Qc7 12.Bf4 Ng4 13.Rac1 Nge5 14.b3 Bg7 15.Bb1 Nxf3+
16.Qxf3 Ne5 17.Qe2 O-O 18.Qd2 Rfd8 19.Bg5 Rd7 20.h3 f5 21.Be3 Rb8 22.f4 Nf7
23.exf5 gxf5 24.Qf2 Qc6 25.Na4 b5 26.cxb5 Qxb5 27.Bd3 Qb4 28.Rc4 Qb5 29.Rc8+ Bxc8
30.Bxb5 axb5 31.Nb6 Rc7 32.Nxc8 Rbxc8 33.a4 Rc3 34.axb5 Rxb3 35.b6 d5 36.Qa2 Rxe3
37.b7 Rf8 38.Rb1 Bd4 39.Kh1 Kg7 40.Qa8 Bc5 41.Qxf8+ Bxf8 42.b8=Q Bd6 43.Qa7 Bxf4
44.g3 Rxg3 45.Rb7 Rxh3+ 46.Kg2 Rg3+ 47.Kf1 Kf6 48.Rxf7+ Ke5 49.Re7 Rg6 50.Qb8+ Ke4
51.Qb1+ Kf3 52.Qd1+ Ke4 53.Qc2+ Kd4 54.Qb2+ Ke4 55.Qc2+ Kd4 56.Rxh7 Be3 57.Rh4+ Ke5
58.Qc7+ Kf6 59.Qd8+ Ke5 60.Qb8+ Kf6 61.Qh8+ Kg5 62.Qd8+ Rf6 63.Rh6  1-0

[Event "Sarajevo"]
[Site "Sarajevo"]
[Date "1988.??.??"]
[Round "?"]
[White "Arapovic, Vitomir"]
[Black "Hulak, Krunoslav"]
[Result "0-1"]
[WhiteElo "2395"]
[BlackElo "2475"]

1.e4 c5 2.Nf3 e6 3.d4 cxd4 4.Nxd4 a6 5.Bd3 Qc7 6.O-O Nf6 7.Qe2 d6 8.c4 g6
9.Nc3 Bg7 10.Kh1 Nbd7 11.f4 O-O 12.Be3 b6 13.Rac1 Bb7 14.b4 Rac8 15.Bg1 Qb8
16.a4 Rfe8 17.Nb3 Nh5 18.Qg4 Qa8 19.Bd4 f5 20.exf5 exf5 21.Qh3 Bxd4 22.Nxd4 Ndf6
23.Kg1 b5 24.Nce2 Qa7 25.Kh1 bxa4 26.Qh4 Re3 27.Rc3 Qa8 28.Qg5 Rce8 29.c5 dxc5
30.bxc5 Rxd3 31.Rxd3 Ne4 32.Qh4 Nxc5 33.Rc3 Bxg2+ 34.Kg1 Bxf1 35.Kxf1 Qh1+
36.Ng1 Qe4 37.Nge2 Nb3  0-1

[Event "Sochi"]
[Site "Sochi"]
[Date "1988.??.??"]
[Round "?"]
[White "Arnason, Jon L"]
[Black "Damljanovic, Branko"]
[Result "1/2-1/2"]
[WhiteElo "2590"]
[BlackElo "2565"]

1.e4 c5 2.Nf3 e6 3.d4 cxd4 4.Nxd4 a6 5.Bd3 Nf6 6.O-O Qc7 7.c4 Nc6 8.Nxc6 dxc6
9.f4 e5 10.f5 Bc5+ 11.Kh1 h5 12.Qf3 Ng4 13.Nc3 Qd8 14.Nd1  1/2-1/2

[Event "Stara Pazova"]
[Site "Stara Pazova"]
[Date "1988.??.??"]
[Round "3"]
[White "Tringov, Georgi P"]
[Black "Cabrilo, Goran"]
[Result "1/2-1/2"]
[WhiteElo "2430"]
[BlackElo "2510"]

1.e4 c5 2.Nf3 e6 3.d4 cxd4 4.Nxd4 a6 5.Bd3 Nf6 6.O-O Qc7 7.c4 Nc6 8.Nxc6 dxc6
9.Be3 e5 10.h3 Be6 11.c5 Be7 12.Qc2 O-O 13.Nd2 Rfd8 14.Bc4 Bxc4 15.Nxc4 Nd7
16.b4 Bf6 17.Rad1 Nf8 18.Rd6 Be7 19.Rfd1 Bxd6 20.cxd6 Qd7 21.Nb6 Qe6 22.Nxa8 Rxa8
23.Qc5 Nd7 24.Qa5 Qe8 25.Qc7 Qc8 26.a4 Kf8 27.b5 axb5 28.axb5 cxb5 29.Rd3 Qxc7
30.dxc7 Ke7  1/2-1/2

[Event "Stara Pazova"]
[Site "Stara Pazova"]
[Date "1988.??.??"]
[Round "12"]
[White "Tringov, Georgi P"]
[Black "Abramovic, Bosko"]
[Result "0-1"]
[WhiteElo "2430"]
[BlackElo "2445"]

1.e4 c5 2.Nf3 e6 3.d4 cxd4 4.Nxd4 a6 5.Bd3 g6 6.O-O Bg7 7.c3 d6 8.f4 Nf6
9.Qe2 O-O 10.Nd2 Nbd7 11.e5 Nd5 12.N2f3 Qc7 13.Re1 b5 14.h4 Bb7 15.h5 Rae8
16.Bd2 Bh6 17.g3 Bg7 18.hxg6 fxg6 19.a4 dxe5 20.fxe5 bxa4 21.Rxa4 Nc5 22.Ra2 Nxd3
23.Qxd3 Qb6 24.Be3 Nxe3 25.Qxe3 Qc5 26.b4 Qd5 27.Rf2 Rc8 28.Ra1 h6 29.Ra5 Qc4
30.Ra3 g5 31.Kh2 g4 32.Nh4 Rxf2+ 33.Qxf2 Rf8 34.Qd2 Qf1  0-1

[Event "Tatran Cup"]
[Site "Stary Smokovec"]
[Date "1988.??.??"]
[Round "6"]
[White "Damjanovic, Mato"]
[Black "Vasiukov, Evgeni"]
[Result "1/2-1/2"]
[WhiteElo "2325"]
[BlackElo "2485"]

1.e4 c5 2.Nf3 e6 3.d4 cxd4 4.Nxd4 a6 5.Bd3 Nf6 6.Qe2 d6 7.Nd2 Nbd7 8.c3 e5
9.N4b3 Be7 10.Nc4 O-O 11.O-O Re8 12.a4 b6 13.Ne3 Bb7 14.f3 g6 15.c4 a5 16.Nd5 Nh5
17.g3 Bf8 18.Be3 Nc5 19.Nxc5 bxc5 20.Qd2 Bg7 21.Bg5 f6 22.Be3 Bh8 23.Qf2 Rb8
24.Nc3 Ng7 25.Nb5 Ne6 26.Rfe1 Bg7 27.Bd2 Ng5 28.Bxg5 fxg5 29.Rad1 Qe7 30.Qd2 Red8
31.Bf1 Bc6 32.Bh3 h5 33.Qe2 Kh7  1/2-1/2

[Event "Tatran Cup"]
[Site "Stary Smokovec"]
[Date "1988.??.??"]
[Round "9"]
[White "Gazik, Igor"]
[Black "Vasiukov, Evgeni"]
[Result "0-1"]
[WhiteElo "2420"]
[BlackElo "2485"]

1.e4 c5 2.Nf3 e6 3.d4 cxd4 4.Nxd4 a6 5.Bd3 Nf6 6.O-O Qc7 7.b3 Bc5 8.Bb2 d6
9.c4 Nbd7 10.Nd2 Ne5 11.Bc2 O-O 12.Rc1 Bd7 13.Bb1 Qb8 14.Kh1 b5 15.cxb5 axb5
16.f4 Ng6 17.e5 Nd5 18.Ne4 Ngxf4 19.Ng5 g6 20.Qg4 Bxd4 21.Bxd4 dxe5 22.Bc5 Qb7
23.Qh4 h5 24.Ne4 f5 25.Bxf8 Rxf8 26.Nc5 Qa7 27.Nxd7 Qxd7 28.Qf2 b4 29.Qd2 Qb7
30.Rce1 h4 31.Rxe5 h3 32.Rf3 hxg2+ 33.Kg1 Qb6+ 34.Qf2 Rc8 35.Rxf4 Nxf4 36.Rc5 Qxc5  0-1

[Event "Rilton Cup"]
[Site "Stockholm"]
[Date "1988.??.??"]
[Round "?"]
[White "Astrom, Goran"]
[Black "Stefansson, Hannes"]
[Result "1/2-1/2"]
[WhiteElo "2200"]
[BlackElo "2395"]

1.e4 c5 2.Nf3 e6 3.d4 cxd4 4.Nxd4 a6 5.Bd3 Nf6 6.O-O Qc7 7.c4 g6 8.Nc3 Bg7
9.Be3 O-O 10.f3 Nc6 11.Nxc6 dxc6 12.Na4 b5 13.Nc5 Rd8 14.Qc2 Nd7 15.Rfd1 Bb7
16.Nxd7 Rxd7 17.Be2 Rad8 18.cxb5 axb5 19.a3 h5 20.Rxd7 Rxd7 21.Rd1 Rxd1+
22.Bxd1 Qd6 23.Be2 h4 24.Qc1 Be5 25.f4 Bd4 26.e5 Qd5 27.Bf3 Qc4 28.Qd2 Bxe3+
29.Qxe3 b4 30.Qd2 Ba6 31.Qd8+ Kg7 32.Qf6+  1/2-1/2

[Event "Rilton Cup"]
[Site "Stockholm"]
[Date "1988.??.??"]
[Round "?"]
[White "Astrom, Goran"]
[Black "Pritchett, Craig William"]
[Result "0-1"]
[WhiteElo "2200"]
[BlackElo "2400"]

1.e4 c5 2.Nf3 e6 3.d4 cxd4 4.Nxd4 a6 5.Bd3 Nf6 6.O-O Qc7 7.Qe2 d6 8.c4 g6
9.b3 Bg7 10.Bb2 O-O 11.Kh1 Nbd7 12.Nc3 b6 13.f4 Bb7 14.Rae1 Nh5 15.Nc2 Nc5
16.b4 Nxd3 17.Qxd3 Rac8 18.Ne3 f5 19.exf5 gxf5 20.Ncd1 Bxb2 21.Nxb2 Be4 22.Qe2 Nf6
23.Rd1 Rfd8 24.Rd4 b5 25.Rfd1 d5 26.cxd5 Nxd5 27.Nxd5 Rxd5 28.Rxd5 exd5 29.Qd2 Qc2
30.h3 Rc3 31.Kg1 d4 32.Kf1 d3 33.g4 Bf3 34.Qxc2 Rxc2 35.Rb1 d2 36.Nd1 Rc1  0-1

[Event "DDR-ch 37th"]
[Site "Stralsund"]
[Date "1988.??.??"]
[Round "4"]
[White "Vogt, Lothar"]
[Black "Espig, Lutz"]
[Result "1/2-1/2"]
[WhiteElo "2460"]
[BlackElo "2455"]

1.e4 c5 2.Nf3 e6 3.d4 cxd4 4.Nxd4 a6 5.Bd3 Nf6 6.O-O Qc7 7.Kh1 d6 8.c4 g6
9.Nc3 Bg7 10.Be3 O-O 11.Rc1 b6 12.f3 Nbd7 13.Qd2 Bb7 14.Bh6 Rac8 15.Bxg7 Kxg7
16.Rfd1 Rfd8 17.Bf1 Qb8 18.Nc2 d5 19.cxd5 exd5 20.exd5 b5 21.Qd4 Ne5 22.Ne3 Nc6
23.Qh4 Ne7 24.Ne4 Nfxd5 25.Nxd5 Nxd5 26.Rxc8 Rxc8 27.Ng5 h6 28.Qd4+ Kg8 29.Ne4 Qf4
30.a4 Rc1 31.axb5 Rxd1 32.Qxd1 axb5 33.Bxb5 Qe5 34.Qd2 Nf4 35.Nc3 g5 36.Bf1 Qc5
37.Nd1 Bd5 38.b4 Qb6 39.Ne3 Be6 40.g3 Ng6 41.Kg2 Ne7 42.Qc3 Nc6 43.Nc2 Ne7
44.Qd4 Qb7 45.Bd3 g4 46.Be4 gxf3+ 47.Bxf3 Qc8 48.Ne3 Nf5 49.Nxf5 Qc2+ 50.Qf2 Qxf5
51.g4 Qd3 52.Qb2 Bc4 53.Qc1 Bd5 54.Bxd5 Qxd5+ 55.Kg3 Qb3+ 56.Kh4 Qxb4 57.Qxh6 Qe1+
58.Kh5 Qe2 59.h4 Qb2 60.Qg5+ Kh7 61.Qe7 Kg7 62.Qe3 Qa1 63.Qh6+ Kg8 64.Qd6 Kg7
65.Qf4 Qb2 66.Qh6+ Kg8 67.Qe3 Kg7 68.g5 Qa1 69.Kg4 Qd1+  1/2-1/2

[Event "SWZ-ch"]
[Site "?"]
[Date "1988.??.??"]
[Round "?"]
[White "Trepp, Markus"]
[Black "Ekstroem, Roland"]
[Result "1/2-1/2"]
[WhiteElo "2385"]
[BlackElo "2440"]

1.e4 c5 2.Nf3 e6 3.d4 cxd4 4.Nxd4 a6 5.Bd3 Nf6 6.O-O Qc7 7.Qe2 d6 8.c4 Be7
9.Nc3 Nc6 10.Nxc6 bxc6 11.b3 e5 12.Na4 c5 13.f4 Nd7  1/2-1/2

[Event "Thessaloniki ol (Women)"]
[Site "Thessaloniki"]
[Date "1988.??.??"]
[Round "?"]
[White "Wiese Jozwiak, Malgorzata"]
[Black "Litinskaya, Marta I"]
[Result "0-1"]
[WhiteElo "2255"]
[BlackElo "2415"]

1.e4 c5 2.Nf3 e6 3.d4 cxd4 4.Nxd4 a6 5.Bd3 g6 6.O-O Bg7 7.Be3 d6 8.Nc3 Nd7
9.f4 Ngf6 10.Kh1 O-O 11.Qe2 Qc7 12.Rae1 b5 13.e5 Ne8 14.Be4 Bb7 15.Qf3 Bxe4
16.Nxe4 dxe5 17.fxe5 Nxe5 18.Qg3 Nd7 19.Qh3 Nef6 20.Bh6 Bxh6 21.Qxh6 Ng4
22.Qh4 h5 23.Rf3 Qd8 24.Qg3 Qb8 25.Qh4 Qb6 26.h3 Nh6 27.Nxe6 fxe6 28.Qg5 Kg7
29.Qe7+ Rf7 30.Rxf7+ Nxf7 31.Qxd7 Ra7 32.Qe8 e5 33.Rf1 Qc7 34.Qe6 Qe7 35.Rxf7+ Qxf7
36.Qxe5+ Kh6 37.Qg5+ Kg7 38.Qe5+ Kh6 39.Qg5+ Kh7 40.Nf6+ Kg7  0-1

[Event "Thessaloniki ol (Men)"]
[Site "Thessaloniki"]
[Date "1988.??.??"]
[Round "1"]
[White "Rimawi, B T."]
[Black "Gheorghiu, Florin"]
[Result "0-1"]
[WhiteElo "2225"]
[BlackElo "2485"]

1.e4 c5 2.Nf3 e6 3.d4 cxd4 4.Nxd4 a6 5.Bd3 Nf6 6.O-O Qc7 7.c4 Nc6 8.Nxc6 dxc6
9.Nc3 e5 10.h3 Nd7 11.Qf3 Nc5 12.Bc2 Ne6 13.Ne2 Bc5 14.Be3 a5 15.Rad1 O-O
16.Bxc5 Nxc5 17.Qe3 Ne6 18.f4 exf4 19.Nxf4 Nxf4 20.Rxf4 Qe5 21.b3 Be6 22.Rff1 b5
23.cxb5 cxb5 24.Qd4 Qc7 25.Bb1 Rfd8 26.Qe3 a4 27.e5 axb3 28.axb3 g6 29.Rxd8+ Rxd8
30.b4 Rd5 31.Re1 Qc4 32.Qa3 Rd4 33.Qa8+ Kg7 34.Qf3  0-1

[Event "Thessaloniki ol (Men)"]
[Site "Thessaloniki"]
[Date "1988.??.??"]
[Round "5"]
[White "Short, Nigel D"]
[Black "Gheorghiu, Florin"]
[Result "1/2-1/2"]
[WhiteElo "2665"]
[BlackElo "2485"]

1.e4 c5 2.Nf3 e6 3.d4 cxd4 4.Nxd4 a6 5.Bd3 Nf6 6.O-O d6 7.c4 Bd7 8.Nc3 Nc6
9.Be3 Be7 10.Be2 Nxd4 11.Qxd4 O-O 12.Rfd1 Qb8 13.a4 a5 14.Qd3 Bc6 15.Bf4 Rd8
16.Qe3 b6 17.Rd2 Nd7 18.Qg3 e5 19.Bh6 Bf8 20.Bd3 Nc5 21.Bc2 Qb7 22.Re1 Re8
23.f3 Qd7 24.b3 Rad8 25.Red1 Qe7 26.Be3 Kh8 27.Qf2 Rd7 28.Rb1 Kg8 29.Bd3 Ra8
30.Bf1 Qd8 31.g3 Qc7 32.Nb5 Qb7 33.Bh3 Rdd8 34.Nc3 Re8 35.Nd5 Rab8 36.Bg2 Kh8
37.Qf1 Kg8 38.Qd1 Kh8 39.Qc2 Kg8 40.Rf1 Rbd8 41.f4 exf4 42.gxf4 Bxd5 43.Rxd5 Qc7
44.Rfd1 g6 45.Bf2 Qe7 46.Re1 Bh6 47.Bg3 Bg7 48.Qd1 Bc3 49.Re3 Bg7 50.Qe1 Rd7
51.Bh4 Bf6 52.Bf2 Bg7 53.h4 Qf6 54.Bg3 Bh6 55.Qf2 Rc7 56.e5  1/2-1/2

[Event "Thessaloniki ol (Men)"]
[Site "Thessaloniki"]
[Date "1988.??.??"]
[Round "6"]
[White "Pyhala, Antti"]
[Black "Bischoff, Klaus"]
[Result "1-0"]
[WhiteElo "2360"]
[BlackElo "2510"]

1.e4 e6 2.d4 c5 3.Nf3 cxd4 4.Nxd4 a6 5.Bd3 Nf6 6.O-O Qc7 7.c4 Nc6 8.Nxc6 dxc6
9.f4 e5 10.f5 Bc5+ 11.Kh1 Bd4 12.Nc3 h6 13.Ne2 c5 14.Rb1 Bd7 15.Nxd4 cxd4
16.b4 b5 17.c5 Bc6 18.Qe2 Qb7 19.Bd2 Kd8 20.Rfe1 Ne8 21.a4 f6 22.Rec1 Rf8
23.axb5 Bxb5 24.c6 Qb6 25.Ra1 Nc7 26.Qg4 Rf7 27.Bxb5 Qxb5 28.Ra3 Ke7 29.Qd1 Qb6
30.b5 Kf8 31.bxa6 Kg8 32.h3 Nb5 33.Qb3 Rb8 34.Rb1 Qxc6 35.Ra5 Qxe4 36.Rxb5 Rxb5
37.Qxb5 Kh7 38.Ra1 Rc7 39.a7 Qa8 40.Qb8 Rc8 41.Qxc8  1-0

[Event "Thessaloniki ol (Men)"]
[Site "Thessaloniki"]
[Date "1988.??.??"]
[Round "7"]
[White "Mateo, Ramon"]
[Black "Atalik, Suat"]
[Result "1/2-1/2"]
[WhiteElo "2445"]
[BlackElo "2390"]

1.e4 c5 2.Nf3 e6 3.d4 cxd4 4.Nxd4 a6 5.Bd3 Nf6 6.O-O Qc7 7.Qe2 Bc5 8.Nb3 Ba7
9.Nc3 d6 10.Kh1 Nbd7 11.Bg5 h6 12.Be3 Bxe3 13.Qxe3 O-O 14.f4 e5 15.Nd5 Nxd5
16.exd5 exf4 17.Rxf4 Ne5 18.Raf1 Bd7 19.Be4 f5 20.Bd3 Rae8 21.Qd2 g5 22.Rd4  1/2-1/2

[Event "Uzhgorod"]
[Site "Uzhgorod"]
[Date "1988.??.??"]
[Round "?"]
[White "Pirttimaki, Timo"]
[Black "Eingorn, Vereslav S"]
[Result "0-1"]
[WhiteElo "2260"]
[BlackElo "2560"]

1.e4 c5 2.Nf3 e6 3.d4 cxd4 4.Nxd4 a6 5.Bd3 Nf6 6.Qe2 d6 7.c4 g6 8.O-O Bg7
9.Rd1 O-O 10.Nc3 b6 11.Bg5 Bb7 12.Rac1 Nbd7 13.Bb1 Rc8 14.b3 Qc7 15.Qd2 Rfe8
16.Bh6 Bxh6 17.Qxh6 Qc5 18.h3 Red8 19.Qe3 Kg7 20.Na4 Qh5 21.Ne2 b5 22.Ng3 Qh6
23.Qxh6+ Kxh6 24.cxb5 Rxc1 25.Rxc1 axb5 26.Nc3 Rc8 27.Nce2 Rxc1+ 28.Nxc1 Nc5
29.f3 d5 30.b4 Na4 31.exd5 Nxd5 32.a3 Nb2 33.Ne4 Nc4 34.Ba2 Ndb6 35.Nc3 Nxa3
36.Nd3 Kg5 37.Kf2 Kf6 38.Nc5 Bc6 39.f4 h6 40.g3 Ke7 41.Bb3 Kd6 42.Bd1 f5
43.Nd3 Nac4 44.Bf3 Na4 45.Ne2 Bxf3 46.Kxf3 Kd5 47.g4 Nab2 48.Nc5 Nd1 49.Na6 Nd2+
50.Kg2 Ke4 51.Nc7 Ke3 52.Nc1 Kxf4 53.Nxe6+ Ke3 54.gxf5 gxf5 55.Kg3 Ne4+ 56.Kh4 f4
57.Nb3 f3 58.Nbd4 f2 59.Nf5+ Kd2 60.Nc5 Nxc5  0-1

[Event "URS-ch otbor56"]
[Site "Uzhgorod"]
[Date "1988.??.??"]
[Round "?"]
[White "Ulibin, Mikhail"]
[Black "Basin, Leonid"]
[Result "1/2-1/2"]
[WhiteElo "2390"]
[BlackElo "2350"]

1.e4 c5 2.Nf3 e6 3.d4 cxd4 4.Nxd4 a6 5.Bd3 Nf6 6.O-O d6 7.c4 g6 8.Nc3 Bg7
9.Be3 O-O 10.Qe2 Nbd7 11.Rad1 Qc7 12.f4 b6 13.Kh1 Bb7 14.Bg1 Rad8 15.Nf3 Rfe8
16.Bd4 Qb8 17.b4 Rc8  1/2-1/2

[Event "Uzhgorod"]
[Site "Uzhgorod"]
[Date "1988.??.??"]
[Round "?"]
[White "Stratil, Ladislav Jr"]
[Black "Eingorn, Vereslav S"]
[Result "0-1"]
[WhiteElo "2415"]
[BlackElo "2560"]

1.e4 c5 2.Nf3 e6 3.d4 cxd4 4.Nxd4 a6 5.Bd3 Nf6 6.O-O Qc7 7.Qe2 Bc5 8.Nb3 Ba7
9.Nc3 Nc6 10.Kh1 d6 11.f4 Bd7 12.Bd2 Nd4 13.Nxd4 Bxd4 14.Rae1 Bc6 15.Nd1 b5
16.Be3 Bxe3 17.Qxe3 Qb7 18.Re2 O-O 19.e5 Nd5 20.Qh3 h6 21.Ne3 Nxe3 22.Rxe3 Rad8
23.Rg3 f5 24.Rg6 dxe5 25.fxe5 Bd5 26.Rg3 Kh7 27.Qh5 Qf7 28.Qxf7 Rxf7 29.Kg1 g5
30.Re3 h5 31.a3 Kh6 32.g3 Rc7 33.Re2 Bc4 34.Bxc4 Rxc4 35.Rf3 g4 36.Rd3 Rdd4
37.Red2 Re4 38.Rd6 Rxe5 39.Rxa6 Rce4 40.Kf2 Re1 41.Rb6 Rh1 42.Kg2 Rb1 43.b3 h4
44.gxh4 f4 45.h3 f3+ 46.Kg3 Rg1+ 47.Kf4 Rf5+ 48.Ke3 g3 49.Rxe6+ Kh5 50.Rdd6 Re1+  0-1

[Event "Val Maubuee op"]
[Site "Val Maubuee"]
[Date "1988.??.??"]
[Round "?"]
[White "Plachetka, Jan"]
[Black "Anselmo, Aldo"]
[Result "0-1"]
[WhiteElo "2410"]
[BlackElo "2160"]

1.e4 c5 2.Nf3 e6 3.d4 cxd4 4.Nxd4 a6 5.Bd3 Nc6 6.Nxc6 bxc6 7.O-O Qc7 8.c4 Bd6
9.f4 Bc5+ 10.Kh1 h5 11.Nc3 d6 12.Qe2 e5 13.Be3 Bxe3 14.Qxe3 Nf6 15.fxe5 dxe5
16.Qg5 Rh6 17.c5 Rg6 18.Qe3 Ng4 19.Qe2 Be6 20.Na4 Qe7 21.h3 Rd8 22.Bxa6 Qg5
23.hxg4 Rd2 24.Qe1 hxg4 25.Rf5 Rh6+ 26.Kg1 Bxf5 27.exf5 Qf4  0-1

[Event "FRA-ch"]
[Site "Val Thorens"]
[Date "1988.??.??"]
[Round "6"]
[White "Degraeve, Jean Marc"]
[Black "Lecuyer, Christian"]
[Result "1-0"]
[WhiteElo "2315"]
[BlackElo "2320"]

1.e4 c5 2.Nf3 e6 3.d4 cxd4 4.Nxd4 a6 5.Bd3 Bc5 6.Nb3 Ba7 7.Qe2 Nc6 8.Be3 Bxe3
9.Qxe3 d6 10.Nc3 Nf6 11.O-O-O O-O 12.f4 Qc7 13.Rhg1 b5 14.g4 b4 15.g5 Ne8
16.Na4 Rb8 17.Rg3 g6 18.Rh3 Ne7 19.Rh6 Kg7 20.Nd4 f6 21.Qh3 Rh8 22.Nxe6+ Bxe6
23.Qxe6 fxg5 24.fxg5 Nc6 25.Bc4 Ne5 26.Bb3 Rf8  1-0

[Event "FRA-ch"]
[Site "Val Thorens"]
[Date "1988.??.??"]
[Round "11"]
[White "Sharif, Mershad"]
[Black "Haik, Aldo"]
[Result "0-1"]
[WhiteElo "2445"]
[BlackElo "2370"]

1.e4 c5 2.Nf3 e6 3.d4 cxd4 4.Nxd4 a6 5.Bd3 Nf6 6.O-O Qc7 7.Qe2 d6 8.c4 Nbd7
9.f4 Be7 10.Nc3 b6 11.Kh1 O-O 12.Bd2 Bb7 13.b4 Rfe8 14.Nf3 Bf8 15.a3 g6 16.Rac1 Bg7
17.Qf2 Ng4 18.Qg3 f5 19.exf5 gxf5 20.Rfe1 Nf8 21.Re2 h6 22.Rce1 Qf7 23.Na4 Nd7
24.Bc3 Ngf6 25.Nd2 Bc6 26.Nb2 Nh5  0-1

[Event "Vrnjacka Banja"]
[Site "Vrnjacka Banja"]
[Date "1988.??.??"]
[Round "?"]
[White "Cabrilo, Goran"]
[Black "Kovacevic, Vladimir"]
[Result "1-0"]
[WhiteElo "2505"]
[BlackElo "2250"]

1.e4 c5 2.Nf3 e6 3.d4 cxd4 4.Nxd4 a6 5.Bd3 Nf6 6.O-O d6 7.c4 Nbd7 8.Nc3 g6
9.Qe2 Bg7 10.Rd1 O-O 11.Bc2 Qc7 12.Nf3 Ng4 13.Bf4 Nde5 14.Nd2 b5 15.h3 Nf6
16.cxb5 axb5 17.Bb3 b4 18.Nb5 Qb8 19.Nxd6 Nh5 20.Bxe5 Bxe5 21.N2c4 Ba6 22.Qf3 Bg7
23.g4 Nf6 24.Ne5 Nd5 25.Nexf7 Qxd6 26.Nxd6 Rxf3 27.exd5 e5 28.Ne4 Kh8 29.d6 Rxh3
30.d7 Rd3 31.Nc5 Rd4 32.Rxd4 exd4 33.Nxa6  1-0